Statistiques concernant Culture Générale - Série 2002

Cliquez ici pour prendre le quiz!

Statistiques générales

  • Ce quiz a été pris 67 fois
  • Le résultat moyen est 4 sur 10

Statistiques - réponses

QuestionRéponse% Correct
Comment appelle-t-on une jeune femme de vingt-cinq ans ou plus encore célibataire ?catherinette
88%
Comment appelle-t-on une jeune vache qui n'a pas encore eu de veau ?génisse
83%
De quel pays européen le "retsina" (vin) est-il originaire ?Grèce
62%
Quel verbe familier signifie "parler,bavarder" - 6 lettres commençant par " j " ?jacter
49%
Poudre utilisée dans les imprimantes et les photocopieurs pour imprimer du texte et des images sur du papiertoner
49%
Quelle est la capitale du Lesotho ?Maseru
38%
Fantassin léger des armées romaines antiques - 6 lettres commençant par " v "vélite
6%
Soupe des pêcheurs du pays basque avec du piment d'Espelette - 5 lettres commençant par " t "ttoro
5%
De quel insecte la larve est-elle est appelée "ver à queue de rat" ? voir photoéristale
2%
Instrument de musique rituel d'Océanie, d'Amérique du Sud et d'Afrique noire, formé d'une lame de bois que l'on fait ronfler par rotation rapide au bout d'une cordelette ou ancien nom du losangerhombe
2%

Distribution des résultats

Percentile par nombre de réponses

% des personnes avec chaque résultat

Votre développement - résultats

Vous n’avez pas pris ce quiz